| 000 | 00621nam a2200181 a 4500 | ||
|---|---|---|---|
| 001 | BRCA_571 | ||
| 005 | 20190320203052.0 | ||
| 008 | 171005s1991----us-a---###---#000-0#eng-# | ||
| 020 | _a1853269565 | ||
| 050 | 4 |
_aNE441.5 _b.R45 1991 |
|
| 245 | 1 | 0 |
_aRenaissance ornament _bfrom 15th to the 17th century. |
| 260 |
_aHertfordshire, Inglaterra _bWorsdsworth _c1991 |
||
| 300 |
_a48 p. _bil. a color _c37 cm. |
||
| 440 | 0 |
_aThe Cambridge Library of Ornamental Art _91969 |
|
| 650 | 1 | 4 |
_aGrabado renacentista _xObras maestras _ysiglo XV-XVII _zEuropa _91970 |
| 650 | 1 | 4 |
_aDecoración y ornamentación _xRenacimiento _91971 |
| 942 |
_2lcc _cB |
||
| 999 |
_c501 _d501 |
||